000 00287nam a2200121Ia 4500
008 221030s9999 xx 000 0 und d
041 _aEnglish
100 _aECA/BPB
245 0 _aUp- To- Date CMOS 4000 Data & Comparison Tables
_cby ECA/BPB
260 _c0
650 _aB
942 _cBK
999 _c14551
_d14551